01424 a2200205 45000010006000000050017000060080041000230030015000640400040000790800056001192450099001750200018002742640033002923000019003255050673003441000018010177000026010357000019010618560138010802447220260407155529.0260407a2006 arg spa dAR-UNSa-BCEJYS aAR-UNSa-BCEJYSbspacAR-UNSa-BCEJYS a336.14xPresupuesto público. Presupuesto nacional10aCada cual, ¿atiende su juego?pel rol del Congreso en el presupuesto nacional de la Argentina a987-20142-3-X 1aBuenos Aires :bCIPPECc2006 a303 p.c24 cm. a1. El dia que me quieras: parlamentos y presupuestos en América Latina - 2. Instituciones presupuestarias, resultados fiscales y el rol del Congreso en el proceso presupuestario - 3. El papel del poder legislativo en el proceso presupuestario argentino(1984-2004) - 4. El Congreso y el Presupuesto Nacional en la Argentina: desempeño y condiciones de su rol en el proceso presupuestario - 5. ¿Quien decide sobre el gasto público?, un análisis sobre la economía política del proceso presupuestario: el caso de la Argentina - 6. Oficina del presupuesto del Congreso de la Nación Argentina.una propuesta para fortalecer su rol en el proceso presupuestario.1 aBraun, Miguel1 aDíaz Frers, Luciana1 aUña, Gerardo41uhttps://biblioeco.unsa.edu.ar/pmb/images/libros/Cada cual, ?atiende su juego Braun, Miguel (2006).jpgyImagen de portadaqimage/jpeg